Object oriented programming with C ++ / (Record no. 20739)
[ view plain ]
| 000 -LEADER | |
|---|---|
| fixed length control field | 00956nam a22002655a 4500 |
| 008 - FIXED-LENGTH DATA ELEMENTS--GENERAL INFORMATION | |
| fixed length control field | 150830r20142011ii a frd 001 0 eng d |
| 020 ## - INTERNATIONAL STANDARD BOOK NUMBER | |
| International Standard Book Number | 9789380027562 |
| 040 ## - CATALOGING SOURCE | |
| Original cataloging agency | EG-ScBUE |
| Language of cataloging | eng |
| Transcribing agency | EG-ScBUE |
| Modifying agency | EG-ScBUE |
| 082 04 - DEWEY DECIMAL CLASSIFICATION NUMBER | |
| Classification number | 005.133 |
| Item number | PAN |
| Edition number | 22 |
| 100 1# - MAIN ENTRY--PERSONAL NAME | |
| Personal name | Pandey, Sunil K. |
| 9 (RLIN) | 38921 |
| 245 10 - TITLE STATEMENT | |
| Title | Object oriented programming with C ++ / |
| Statement of responsibility, etc | Sunil K. Pandy, Rajesh Kochher. |
| 250 ## - EDITION STATEMENT | |
| Materials specified | 7th ed., Reprinted ed. |
| 260 ## - PUBLICATION, DISTRIBUTION, ETC. (IMPRINT) | |
| Place of publication, distribution, etc | New Delhi : |
| Name of publisher, distributor, etc | S. K. Kataria & Sons, |
| Date of publication, distribution, etc | 2014. |
| 300 ## - PHYSICAL DESCRIPTION | |
| Extent | xv, 405 p. : |
| Other physical details | ill. ; |
| Dimensions | 24 cm. |
| 500 ## - GENERAL NOTE | |
| General note | Index : p. 400-405. |
| 500 ## - GENERAL NOTE | |
| General note | Glossary : p. 398-399. |
| 500 ## - GENERAL NOTE | |
| General note | Includes appendix. |
| 521 3# - TARGET AUDIENCE NOTE | |
| Target audience note | For Degree, diploma, O-level, A level, B level, BCA, MCA & other examination. |
| 650 #7 - SUBJECT ADDED ENTRY--TOPICAL TERM | |
| Topical term or geographic name as entry element | C++ (Computer program language) |
| Source of heading or term | BUEsh |
| 9 (RLIN) | 3406 |
| 650 #0 - SUBJECT ADDED ENTRY--TOPICAL TERM | |
| Topical term or geographic name as entry element | Object-oriented programming (Computer science) |
| Source of heading or term | BUEsh |
| 651 ## - SUBJECT ADDED ENTRY--GEOGRAPHIC NAME | |
| Source of heading or term | BUEsh |
| 653 ## - INDEX TERM--UNCONTROLLED | |
| Resource For college | Informatics and Computer Science |
| Arrived date list | August2015 |
| -- | December2015 |
| 700 1# - ADDED ENTRY--PERSONAL NAME | |
| Personal name | Kochher, Rajesh. |
| 942 ## - ADDED ENTRY ELEMENTS (KOHA) | |
| Source of classification or shelving scheme | Dewey Decimal Classification |
| Withdrawn status | Lost status | Source of classification or shelving scheme | Damaged status | Not for loan | Koha collection | Home library | Current library | Shelving location | Date acquired | Source of acquisition | Cost, normal purchase price | Serial Enumeration / chronology | Total Checkouts | Full call number | Barcode | Date last seen | Cost, replacement price | Koha item type |
|---|---|---|---|---|---|---|---|---|---|---|---|---|---|---|---|---|---|---|
| Dewey Decimal Classification | Baccah | Central Library | Central Library | Lower Floor | 30/08/2015 | Purchase | 152.00 | 21759 | 005.133 PAN | 000030740 | 15/07/2025 | 190.00 | Book - Borrowing |